Statistics for Torquay United Quiz

Click here to take the quiz!

General Stats

  • This quiz has been taken 14 times
  • The average score is 12 of 15

Answer Stats

QuestionAnswer% Correct
2) What year was Torquay United founded in?1899
100%
3) In 1987 what animal bit Jim Mcnichol?Dog
100%
8) Who is Torquay United’s biggest rival?Exeter City
100%
7) Who is the current Torquay United manager?Gary Johnson
100%
1) What is the name of Torquay United’s Ground?Plainmoor
100%
4) What is Torquay United’s nickname?The Gulls
100%
14) What county is Torquay United based in?Devon
89%
9) Which player did Torquay United sell to Manchester United?Lee Sharpe
89%
10) Which player scored the first goal in Torquay’s win over Cambridge
in the 2009 play off final?
Chris Hargreaves
78%
15) What national league team is furthest away from Torquay
this current season (22/23)?
Gateshead
78%
13) Which current Premier League striker played for Torquay?Kieffer Moore
78%
5) Which Torquay United player was known as ‘The Man in the Mask’?Tim Sills
78%
11) What was the name of Torquay United’s player/manager from
2015-2017?
Kevin Nicholson
67%
12) Who is the current owner of Torquay United?Clarke Osborne
44%
6) Who is Torquay United’s leading all time goal scorer?Sammy Collins
44%

Score Distribution

Percentile by Number Answered

Percent of People with Each Score

Your Score History

You have not taken this quiz